LEADER 01146nam0-22003491i-450- 001 990001162100403321 010 $a0-444-70136-2 035 $a000116210 035 $aFED01000116210 035 $a(Aleph)000116210FED01 035 $a000116210 100 $a20000920d1987----km-y0itay50------ba 101 0 $aeng 200 1 $aSURVEYS in combinatorial optimization$fSilvano Martello ... [e altri] 210 $aAmsterdam [etc.]$cNorth-Holland$dc1987 215 $aix, 384 p.$cill.$d24 cm 225 1 $aNorth-Holland mathematics studies$v132 225 1 $aAnnals of discrete mathematics$v31 300 $aBased on a series of tutorial lectures given at the School on Combinatorial Optimization, held at the Federal University of Rio de Janeiro, Brazil, July 8-19,1985 610 0 $aOttimizzazione combinatoria 676 $a519.3 700 1$aSurveys$0492554 801 0$aIT$bUNINA$gRICA$2UNIMARC 901 $aBK 912 $a990001162100403321 952 $aC-21-(132$b3174$fMA1 959 $aMA1 962 $a49XX 962 $a90C27 996 $aSURVEYS in combinatorial optimization$9346819 997 $aUNINA DB $aING01 LEADER 01663nam 2200457I 450 001 9910703779303321 005 20150515162710.0 035 $a(CKB)5470000002433925 035 $a(OCoLC)909043444 035 $a(EXLCZ)995470000002433925 100 $a20150515j201409 ua 0 101 0 $aeng 135 $aurcn||||||||| 181 $ctxt$2rdacontent 182 $cc$2rdamedia 183 $acr$2rdacarrier 200 10$aAdaptive shape functions and internal mesh adaptation for modelling progressive failure in adhesively bonded joints /$fScott E. Stapleton [and three others] 210 1$aCleveland, Ohio :$cNational Aeronautics and Space Administration, Glenn Research Center,$dSeptember 2014. 215 $a1 online resource (21 pages) $ccolor illustrations 225 1 $aNASA/TM ;$v2014-218333 300 $aTitle from title screen (viewed on May 15, 2015). 300 $a"September 2014." 320 $aIncludes bibliographical references (pages 19-21). 606 $aAdhesive bonding$2nasat 606 $aBonded joints$2nasat 606 $aFinite element method$2nasat 606 $aShape functions$2nasat 606 $aAdhesives$2nasat 615 7$aAdhesive bonding. 615 7$aBonded joints. 615 7$aFinite element method. 615 7$aShape functions. 615 7$aAdhesives. 700 $aStapleton$b Scott E.$01410852 712 02$aNASA Glenn Research Center, 801 0$bGPO 801 1$bGPO 906 $aBOOK 912 $a9910703779303321 996 $aAdaptive shape functions and internal mesh adaptation for modelling progressive failure in adhesively bonded joints$93549439 997 $aUNINA LEADER 01156nas 2200361 c 450 001 9910978168803321 005 20260218110703.0 035 $a(DE-599)ZDB3207050-0 035 $a(OCoLC)1499138788 035 $a(DE-101)1355617790 035 $a(CKB)5860000000552742 035 $a(DE-599)3207050-0 035 $a(EXLCZ)995860000000552742 100 $a20250207a19969999 |y | 101 0 $aeng 135 $aur||||||||||| 181 $ctxt$2rdacontent 182 $cc$2rdamedia 183 $acr$2rdacarrier 200 10$aChemicals in the environment$ereport on environmental survey and wildlife monitoring of chemicals in F.Y. ?$fEnvironmental Health and Safety Division, Environmental Health Department, Ministry of the Environment 210 31$aTokyo$cMinistry of the Environment Government of Japan$d[1996?]- 215 $aOnline-Ressource 300 $aGesehen am 07.02.2025 608 $aZeitschrift$2gnd-content 676 $a333.7 676 $a540 801 0$b0089 801 1$bDE-101 801 2$b9999 906 $aJOURNAL 912 $a9910978168803321 996 $aChemicals in the environment$91091206 997 $aUNINA